The Philosophy of the Bhagavad Gita / (Record no. 215619)

MARC details
000 -LEADER
fixed length control field 00757nam a22002057a 4500
005 - DATE AND TIME OF LATEST TRANSACTION
control field 20260318150141.0
010 ## - LCCN (DPL NO)
LC control number ENG-147932
020 ## - INTERNATIONAL STANDARD BOOK NUMBER
International Standard Book Number 9789384753214
Terms of availability 250.00
035 ## - SYSTEM CONTROL NUMBER
System control number EN-131464
082 ## - DEWEY DECIMAL CLASSIFICATION NUMBER
Classification number 230.2
Item number 1
100 ## - MAIN ENTRY--PERSONAL NAME
Personal name Sri Charan Mangal
245 ## - TITLE STATEMENT
Title The Philosophy of the Bhagavad Gita /
Statement of responsibility, etc Sri Mangal Charan
Medium English
260 ## - PUBLICATION, DISTRIBUTION, ETC. (IMPRINT)
Place of publication, distribution, etc BIhar
Date of publication, distribution, etc 2015
270 ## - ADDRESS
Address Yoga Publication Trust, Ganga Darshan
City Greater Noida
300 ## - PHYSICAL DESCRIPTION
Extent 244p.:
Other physical details col.ill.
Dimensions 22cm.(pbk)
700 ## - ADDED ENTRY--PERSONAL NAME
Personal name Sri Charan Mangal
9 (RLIN) 88567
942 ## - ADDED ENTRY ELEMENTS (KOHA)
Source of classification or shelving scheme Dewey Decimal Classification
Item type Children Books
Classification part N
Call number suffix NIR
Call number prefix 230.2
Holdings
Withdrawn status Lost status Not for loan Home library Current library Date acquired Source of acquisition Cost, normal purchase price Full call number Barcode Copy number Cost, replacement price Koha item type
      Sarojini Nagar Sarojini Nagar 18/03/2026 DBAD 250.00 N NIR EN-131464 1 250.00 Children Books

© Delhi Public Library
Hit Counter
free hit counter